000 00402nam a2200145Ia 4500
008 231217s9999 xx 000 0 und d
041 _aEnglish
082 _a001.6424BAS SIL;1 `R'
100 _aSiler, Brian Spotts, Jeff
245 0 _aUsing visual basic.net
260 _c2002
_bNew Delhi : Pearson Education,
300 _axiii+830
650 _aUsing,visual,basic.net,(Microsoft)
942 _cAA
999 _c168824
_d168824